Представление документа в формате RUSMARC

ПолеНазваниеЗначение
  Тип записи a
  Библиографический уровень m
001 Контрольный номер 3c767529e0ad4ac5bb59ace8cb5c015f
005 Дата корректировки 20140711130749.4
010 Индекс ISBN __
a ISBN 5-869553-098- 9
200 Заглавие и сведения об ответственности 1_
a Заглавие Территориальные и отраслевые формы экономической безопасности государства
e Сведения, относящиеся к заглавию [Монография]
f Первые сведения об ответственности Г.Гутман,О.Дигилина,А.Миленький и др.
210 Выходные данные 1_
a Место издания Владимир
c Издательство Посад
d Дата издания 2001
215 Физическое описание __
a Объем 284 с.
610 Ключевые слова 0_
a Ключевые слова экономическая безопасность государства
610 Ключевые слова 0_
a Ключевые слова экономическая безопасность территории
610 Ключевые слова 0_
a Ключевые слова продовольственный комплекс Владимирской обл.
610 Ключевые слова 0_
a Ключевые слова монография
686 Индексы других классификаций __
a Классификационный индекс 65.9(2)
2 Код системы rubbk
686 Индексы других классификаций __
a Классификационный индекс 65.9(2)-98
2 Код системы rubbk
801 Источник записи _0
a Страна RU
b Организация РУК
c Дата составления 20030528
g Правила каталогизации PSBO
801 Источник записи _1
a Страна RU
b Организация РУК
c Дата составления 20030528
g Правила каталогизации PSBO
852 Данные о местонахождении __
i Авторский знак Т35
j Шифр хранения ББК 65.9(2)
901 Тип документа __
t Тип документа m
938 Служебная информация __
a Название организации Головной вуз
b Имя БД BOOK
c Название АИБС АИБС ИРБИС